000 00383nam a2200145Ia 4500
008 230411s9999 xx 000 0 und d
020 _a978-81-7739-428-3
041 _aeng
082 _aC/004/SOO/B09253
100 _aSood Ranju
_9180026
245 _aComputer for Nurses
260 _bAvichal Publishiing Company
_aNew Delhi
_c2017
300 _a152p
999 _c158447
_d158447